| 000 | 00485nam a22001937a 4500 | ||
|---|---|---|---|
| 003 | OSt | ||
| 005 | 20240422165159.0 | ||
| 008 | 151202b xxu||||| |||| 00| 0 eng d | ||
| 020 | _a9780071635097 | ||
| 040 | _c040a | ||
| 082 | _a621.3815 HAY 2012 | ||
| 100 |
_aHayes, Monson H. _96476 |
||
| 245 | _aDigital Signal Processing | ||
| 250 | _a2nd.ed | ||
| 260 |
_aNew York; _bMcGraw Hill, _c2012 |
||
| 504 | _aincludes index | ||
| 650 |
_aSignal processing _95327 |
||
| 942 |
_2ddc _cSLOAN |
||
| 999 |
_c2804 _d2804 |
||